Loading...
| Fine Arts - Auditory Fine Arts | 3 | 6.67 | 67% | 0% | 0% |
| Fine Arts - Other Fine Arts | 4 | 12.50 | 100% | 25% | 0% |
| Fine Arts - Visual Fine Arts | 4 | 12.50 | 75% | 25% | 25% |
| Geography | 1 | 10.00 | 100% | 0% | 0% |
| History - American History | 4 | 22.50 | 100% | 100% | 25% |
| History - European History | 3 | 20.00 | 100% | 67% | 33% |
| History - Other History | 3 | 10.00 | 100% | 0% | 0% |
| History - World History | 2 | 15.00 | 50% | 100% | 0% |
| Literature - American Literature | 3 | 6.67 | 67% | 0% | 0% |
| Literature - British Literature | 3 | 6.67 | 33% | 33% | 0% |
| Literature - European Literature | 6 | 8.33 | 83% | 0% | 0% |
| Literature - World Literature | 2 | 10.00 | 50% | 0% | 50% |
| Mythology | 1 | 20.00 | 100% | 100% | 0% |
| Other Academic | 1 | 10.00 | 0% | 100% | 0% |
| Philosophy | 4 | 7.50 | 50% | 25% | 0% |
| Religion | 1 | 0.00 | 0% | 0% | 0% |
| Science - Biology | 4 | 7.50 | 25% | 50% | 0% |
| Science - Chemistry | 4 | 12.50 | 100% | 25% | 0% |
| Science - Other Science | 3 | 6.67 | 67% | 0% | 0% |
| Science - Physics | 4 | 5.00 | 50% | 0% | 0% |
| Social Science | 3 | 13.33 | 67% | 67% | 0% |